| 000 | 00569 a2200181 4500 | ||
|---|---|---|---|
| 999 |
_c8603 _d8603 |
||
| 020 | _a0750646098 | ||
| 050 | _aHF5548 MOR 2000 | ||
| 100 |
_aMorris, Stephen, _d1955- _eauthor |
||
| 245 |
_aExcel 2000 made simple / _cStephen Morris. |
||
| 250 | _aBusiness edition | ||
| 264 |
_aOxford : _bMade Simple, _c 2000 |
||
| 300 |
_ax, 214p. : _bill. ; 25 cm. |
||
| 500 | _aIncludes index. | ||
| 650 | _aMicrosoft Excel (Computer file) . | ||
| 650 | _aElectronic spreadsheets | ||
| 650 | _a Business -- Computer programs. | ||
| 942 |
_2lcc _cBK _h5548 _iMOR _kHF _eBusiness edition |
||